
Library Catalogue

| 000 -LEADER | |
|---|---|
| fixed length control field | 00839cam a2200253 a 4500 |
| 001 - CONTROL NUMBER | |
| control field | 16715041 |
| 003 - CONTROL NUMBER IDENTIFIER | |
| control field | OSt |
| 005 - DATE AND TIME OF LATEST TRANSACTION | |
| control field | 20260421064542.0 |
| 008 - FIXED-LENGTH DATA ELEMENTS--GENERAL INFORMATION | |
| fixed length control field | 110331s2010 enka b 001 0 eng |
| 010 ## - LIBRARY OF CONGRESS CONTROL NUMBER | |
| LC control number | 2011280048 |
| 020 ## - INTERNATIONAL STANDARD BOOK NUMBER | |
| International Standard Book Number | 9781848138438 |
| Qualifying information | pbk. |
| 040 ## - CATALOGING SOURCE | |
| Transcribing agency | . |
| 082 ## - DEWEY DECIMAL CLASSIFICATION NUMBER | |
| Classification number | 320.954 MYE |
| 100 1# - MAIN ENTRY--PERSONAL NAME | |
| Personal name | Myers, Jason Conard. |
| 245 14 - TITLE STATEMENT | |
| Title | The politics of equality : |
| Remainder of title | an introduction / |
| Statement of responsibility, etc. | Jason C. Myers. |
| 260 ## - PUBLICATION, DISTRIBUTION, ETC. | |
| Place of publication, distribution, etc. | New York : |
| Name of publisher, distributor, etc. | Zed Books, |
| Date of publication, distribution, etc. | c2010. |
| 300 ## - PHYSICAL DESCRIPTION | |
| Extent | 159 p. : |
| Other physical details | ill. ; |
| Dimensions | 22 cm. |
| 365 ## - TRADE PRICE | |
| Price amount | Rs.1,302 |
| 505 0# - FORMATTED CONTENTS NOTE | |
| Formatted contents note | Historical materialism -- Equal freedom -- Economy and society -- Democracy -- Internationalism -- The private state -- Conclusion. |
| 650 #0 - SUBJECT ADDED ENTRY--TOPICAL TERM | |
| Topical term or geographic name entry element | Equality. |
| 650 #0 - SUBJECT ADDED ENTRY--TOPICAL TERM | |
| Topical term or geographic name entry element | Socialism. |
| 856 41 - ELECTRONIC LOCATION AND ACCESS | |
| Materials specified | Table of contents |
| Uniform Resource Identifier | <a href="http://www.loc.gov/catdir/enhancements/fy1113/2011280048-t.html">http://www.loc.gov/catdir/enhancements/fy1113/2011280048-t.html</a> |
| 942 ## - ADDED ENTRY ELEMENTS (KOHA) | |
| Source of classification or shelving scheme | Dewey Decimal Classification |
| Koha item type | BOOKs |
| Withdrawn status | Lost status | Source of classification or shelving scheme | Damaged status | Not for loan | Home library | Current library | Shelving location | Date acquired | Cost, normal purchase price | Total Checkouts | Full call number | Barcode | Date last seen | Price effective from | Koha item type |
|---|---|---|---|---|---|---|---|---|---|---|---|---|---|---|---|
| Dewey Decimal Classification | . | . | General Stacks | 30.05.2017 | 1302.00 | 320.954 MYE | 27018 | 30.05.2017 | 30.05.2017 | BOOKs |